BUSINESS MANAGEMENT AND ETHICS: INSIGHTS FROM INDIAN ETHOS (Record no. 8366)

MARC details
000 -LEADER
fixed length control field 00376nam a2200133Ia 4500
008 - FIXED-LENGTH DATA ELEMENTS--GENERAL INFORMATION
fixed length control field 260604s9999 xx 000 0 und d
020 ## - INTERNATIONAL STANDARD BOOK NUMBER
International Standard Book Number 9781835492550
082 ## - DEWEY DECIMAL CLASSIFICATION NUMBER
Classification number 658 JEY
100 ## - MAIN ENTRY--PERSONAL NAME
Personal name JEYANTHI [MARY P.]
9 (RLIN) 35545
245 #0 - TITLE STATEMENT
Title BUSINESS MANAGEMENT AND ETHICS: INSIGHTS FROM INDIAN ETHOS
260 ## - PUBLICATION, DISTRIBUTION, ETC.
Name of publisher, distributor, etc. EMERALD PUBLISHING
500 ## - GENERAL NOTE
General note Management, Business, Ethics
942 ## - ADDED ENTRY ELEMENTS (KOHA)
Koha item type Book
Holdings
Date last seen Total Checkouts Full call number Barcode Cost, replacement price Price effective from Koha item type Lost status Damaged status Not for loan Withdrawn status Home library Current library Shelving location Date acquired Cost, normal purchase price BOOK NO
06/04/2026   658 JEY 003984 9351.20 06/04/2026 Book         Indian Institute of Management Visakhapatnam Indian Institute of Management Visakhapatnam   06/04/2026 9351.20 JEY

Copyright © 2024 Indian Institute of Management Visakhapatnam
Koha v23.05